Hồ Chí Minh với cuộc kháng chiến chống thực dân Pháp (1945-1954)

Sách giới thiệu những hoạt động cụ thể của Chủ tịch Hồ Chí Minh trong việc tham gia hoạch định đường lối kháng chiến, xây dựng chính sách, chủ trương, kế hoạch kháng chiến và kiến quốc trên nhiều lĩnh vực; kết quả, tác dụng, vai trò của...

Cur síos iomlán

Đã lưu trong:
Sonraí Bibleagrafaíochta
Príomhúdar: Nguyễn, Minh Đức
Formáid: Leabhar
Teanga:Undetermined
Foilsithe: Hà Nội Đại học Sư phạm Hà Nội 2004
Clibeanna: Cuir Clib Leis
Gan Chlibeanna, Bí ar an gcéad duine leis an taifead seo a chlibeáil!
Thư viện lưu trữ: Trung tâm Học liệu Trường Đại học Cần Thơ
LEADER 01197nam a2200205Ia 4500
001 CTU_92252
008 210402s9999 xx 000 0 und d
020 |c 20000 
082 |a 959.704092 
082 |b Đ552 
100 |a Nguyễn, Minh Đức 
245 0 |a Hồ Chí Minh với cuộc kháng chiến chống thực dân Pháp 
245 0 |b (1945-1954) 
245 0 |c Nguyễn Minh Đức 
260 |a Hà Nội 
260 |b Đại học Sư phạm Hà Nội 
260 |c 2004 
520 |a Sách giới thiệu những hoạt động cụ thể của Chủ tịch Hồ Chí Minh trong việc tham gia hoạch định đường lối kháng chiến, xây dựng chính sách, chủ trương, kế hoạch kháng chiến và kiến quốc trên nhiều lĩnh vực; kết quả, tác dụng, vai trò của Chủ tịch Hồ Chí Minh đối với thắng lợi của cuộc kháng chiến và bài học kinh nghiệm cho công cuộc xây dựng và bảo vệ tổ quốc hiện nay 
904 |i Trúc, H.Mai 
980 |a Trung tâm Học liệu Trường Đại học Cần Thơ